Competitive archaeology in Jordan : narrating identity from the Ottomans to the Hashemites /
Main Author:
Format: Book
Language: English
Published:
Austin, TX :
University of Texas Press,
2014.
Edition: First edition.
Subjects:
Tags: Add Tag
Call Number: DS153.3 .C68 2014
| LEADER | 01355namaa2200289 4500 | ||
|---|---|---|---|
| 001 | 23527 | ||
| 003 | OSt | ||
| 005 | 20250508113631.0 | ||
| 008 | 130303s2014 txuab b 001 0 eng d | ||
| 010 | |a 2014017671 | ||
| 020 | |a 9780292760806 | ||
| 040 | |c ARCE Library | ||
| 043 | |a a-jo--- |a awba--- |a awgz--- | ||
| 050 | 4 | |a DS153.3 .C68 2014 | |
| 100 | 1 | |a Corbett, Elena Dodge, |e author | |
| 245 | 1 | 0 | |a Competitive archaeology in Jordan : |b narrating identity from the Ottomans to the Hashemites / |c by Elena D. Corbett. |
| 250 | |a First edition. | ||
| 264 | 1 | |a Austin, TX : |b University of Texas Press, |c 2014. | |
| 300 | |a xiii, 292 pages : |b illustrations, maps ; |c 24 cm. | ||
| 504 | |a Includes bibliographical references and index. | ||
| 505 | 0 | |a Archaeology is politics : the meaning of archaeological heritage in Jordan -- Holy Land core and periphery -- Antiquity and modernity in southeastern Bilad al-Sham -- British mandate : core, periphery, and ownership of narrative -- Antiquities of a Hashemite state in mandatory space -- Antiquity, pan-national, and nation-state narratives in the expanded Hashemite Kingdom -- Return to the core. | |
| 650 | 0 | |a Archaeology |x Political aspects |z Jordan. | |
| 650 | 0 | |a Archaeology |x Political aspects |z Palestine. | |
| 651 | 0 | |a Jordan |x Antiquities. | |
| 901 | |a reviewed | ||
| 942 | |c BK |2 lcc | ||
| 999 | |c 23578 |d 23578 | ||
